000 01220nam a22003377a 4500
003 CHAP
005 20220329135831.0
008 971013s1994 r 00010 d
010 _a42985
011 _a43957
035 _a48095
040 _cCHAP
090 _aTesis
100 0 0 _aDíaz Reyna, Yolanda.
_933615
245 _aEfecto de tres niveles de suplementación (lechero 18) sobre la producción de leche y aumentos de peso de cabras en pastoreo en el municipio de Cerralvo, N.L.
260 _aMarín, N. L. :
_bEl autor,
_c1994
300 _a71 h.
502 _aTesis (Ing. Agr. Zootecnista) -- Universidad Autónoma de Nuevo León. Facultad de Agronomía
590 _aALEPH
_b10
_c20130110
_lUCH01
_h1312
590 _aBATCH-UPD
_b10
_c20130110
_lUCH01
_h1634
590 _aBATCH-UPD
_b10
_c20130410
_lUCH01
_h1025
590 _aBATCH-UPD
_b10
_c20130914
_lUCH01
_h1507
590 _aCONVERSION
_b10
_c20130109
_lUCH01
_h1324
650 1 4 _aGanado cabrío
_xNutrición.
_945030
650 1 4 _aGanado cabrío
_xPastoreo.
_945036
650 1 4 _aGanado cabrío
_xPeso.
_945037
650 1 4 _aLeche de cabra
_xProducción.
_965427
901 _aBK
942 _cTESIS
949 _bBC
_cTES
_d-109126
_eTS1
_h28011
_i48095
_si
999 _c42985
_d42985